[Event "Mittelfranken-chTB2a 1213"]
[Site "Germany"]
[Date "2012.12.16"]
[Round "5.8"]
[White "Kollitz, Alexander"]
[Black "Freiherr von Seckendorff, Meinhard"]
[Result "1-0"]
[WhiteElo "1668"]
[BlackElo "1139"]
[PlyCount "27"]
[EventDate "2012.10.07"]
[EventType "team-tourn"]
[EventRounds "9"]
[EventCountry "GER"]
[SourceTitle "EXT 2019"]
[Source "ChessBase"]
[SourceDate "2018.10.10"]
[SourceVersion "1"]
[SourceVersionDate "2018.10.10"]
[SourceQuality "1"]
[WhiteTeam "Cadolzburg"]
[BlackTeam "Bad Windsheim"]
[WhiteTeamCountry "GER"]
[BlackTeamCountry "GER"]

1. e4 e5 2. Nf3 Nc6 3. Bb5 Bb4 4. c3 Bd6 5. 0-0 Nf6 6. d4 Nxe4 7. Re1 f5 8. Bc4 exd4 9. cxd4 Ne7 10. Ng5 Nxg5 11. Bxg5 h6 12. Qh5+ g6 13. Qxg6+ Kf8 14. Qf7# 1-0